[Event "NK-E Algemeen 2010"]
[Site "?"]
[Date "2010.04.03"]
[Round "6.22"]
[White "Leeuwen, Louis van"]
[Black "Makkus, Stijn"]
[Result "1-0"]
[WhiteElo "653"]
[BlackElo "851"]
[PlyCount "53"]
[EventDate "2010.??.??"]

1. e4 e5 2. Nc3 Nf6 3. Nf3 Bc5 4. Nxe5 Ng4 5. Qxg4 d6 6. Qxg7 Rf8 7. Ng4 Bxg4
8. Qxg4 Bd4 9. Bc4 Bxc3 10. dxc3 Nc6 11. Bh6 Ne5 12. Qf5 Rg8 13. Qxh7 Kd7 14.
Qf5+ Ke8 15. Bd5 Rg6 16. f4 Qe7 17. fxe5 Qxe5 18. Qxf7+ Kd8 19. Qxg6 c6 20.
Bg5+ Kc8 21. Be6+ Kc7 22. Qf7+ Kb6 23. Be3+ c5 24. Bd5 Re8 25. Qxb7+ Ka5 26.
Qxa7+ Kb5 27. a4# 1-0

[Event "NK-E Algemeen 2010"]
[Site "?"]
[Date "2010.04.03"]
[Round "7.1"]
[White "Korenwinder, Tom"]
[Black "Kazarian, Anna Maja"]
[Result "0-1"]
[WhiteElo "1025"]
[BlackElo "1540"]
[PlyCount "104"]
[EventDate "2010.??.??"]

1. d4 d5 2. c4 e6 3. Nf3 Nf6 4. Nc3 Nbd7 5. a3 Be7 6. Bf4 a6 7. e3 b6 8. Rc1
Bb7 9. Be2 O-O 10. O-O Rc8 11. Ne5 c5 12. Nxd7 Qxd7 13. Qb3 cxd4 14. exd4 dxc4
15. Bxc4 Qxd4 16. Be3 Qxc4 17. Qxb6 Qc6 18. f3 Qxb6 19. Bxb6 Bc5+ 20. Bxc5 Rxc5
21. Rfd1 h6 22. Kf2 Rfc8 23. Rd6 Nd5 24. Rd7 R5c7 25. Rd6 Nxc3 26. Rxc3 Rxc3
27. bxc3 Rxc3 28. Rb6 Rc7 29. Ke3 Kf8 30. Kd4 Ke7 31. a4 Kd7 32. a5 Kc8 33. Rb1
Rc6 34. g3 Kc7 35. f4 f6 36. Rb2 Rd6+ 37. Ke3 Rd5 38. h4 Rxa5 39. Rc2+ Kb6 40.
Rb2+ Rb5 41. Rd2 Bd5 42. g4 Rb3+ 43. Kf2 Rf3+ 44. Ke2 Rxf4 45. Rb2+ Kc7 46. Rb1
Rxg4 47. Ra1 Rxh4 48. Rxa6 Bc4+ 49. Kf3 Bxa6 50. Kg3 Ra4 51. Kf3 h5 52. Kg3 g5
0-1

[Event "NK-E Algemeen 2010"]
[Site "?"]
[Date "2010.04.03"]
[Round "7.2"]
[White "Slomczewski, Michal"]
[Black "Bekkink, Joey"]
[Result "1-0"]
[WhiteElo "1404"]
[BlackElo "1144"]
[PlyCount "125"]
[EventDate "2010.??.??"]

1. e4 c5 2. Nf3 d6 3. Bb5+ Nd7 4. O-O Ngf6 5. Nc3 a6 6. Be2 Qc7 7. d4 cxd4 8.
Nxd4 g6 9. Be3 Ne5 10. Bf4 Nc4 11. Bxc4 Qxc4 12. Qd3 Qxd3 13. cxd3 e5 14. Bg5
Bg7 15. Nf3 O-O 16. h3 Be6 17. Rac1 Rac8 18. b3 b5 19. Ne2 d5 20. Nxe5 dxe4 21.
dxe4 Nxe4 22. Bf4 a5 23. Nc6 Ra8 24. Ned4 b4 25. Nxe6 fxe6 26. Bc7 Bb2 27. Rb1
Nd2 28. Rxb2 Nxf1 29. Bxa5 Ra6 30. Ne7+ Kf7 31. Bxb4 Rb8 32. Kxf1 Rxb4 33. Nc8
Rc6 34. a3 Rb7 35. Rc2 Rxc2 36. Nd6+ Ke7 37. Nxb7 Rb2 38. Nc5 Kd6 39. b4 Kd5
40. Na4 Rb3 41. Nb6+ Kd4 42. Nd7 Kd3 43. Nc5+ Kc4 44. Nxb3 e5 45. Ke2 h5 46.
Ke3 Kb5 47. Ke4 g5 48. Kxe5 g4 49. hxg4 hxg4 50. Kf4 g3 51. fxg3 Ka4 52. g4 Kb5
53. g5 Ka4 54. g6 Kb5 55. g7 Kc4 56. g8=Q+ Kc3 57. b5 Kb2 58. b6 Kb1 59. b7 Kc2
60. b8=Q Kb2 61. Qe5+ Kb1 62. Qg6+ Ka2 63. Qc2+ 1-0

[Event "NK-E Algemeen 2010"]
[Site "?"]
[Date "2010.04.03"]
[Round "7.3"]
[White "Kevlishvili, Robby"]
[Black "Dijkhuis, Sven"]
[Result "0-1"]
[WhiteElo "1559"]
[BlackElo "1426"]
[PlyCount "108"]
[EventDate "2010.??.??"]

1. e4 d5 2. exd5 Qxd5 3. Nc3 Qa5 4. d4 Nf6 5. Nf3 Bf5 6. Bd2 c6 7. Bc4 e6 8.
O-O Nbd7 9. Re1 Qc7 10. Ne2 Bd6 11. h3 O-O 12. Nc1 b5 13. Bd3 Bxd3 14. Nxd3 c5
15. c3 cxd4 16. Nxd4 a6 17. Rc1 Nc5 18. Nxc5 Bxc5 19. Be3 Nd5 20. Qg4 Nxe3 21.
Rxe3 Rfd8 22. Ree1 Qb6 23. Rcd1 h6 24. b4 Bxd4 25. cxd4 Rd5 26. Re3 Rad8 27.
Rg3 g6 28. Rgd3 e5 29. a3 Rxd4 30. Rxd4 Rxd4 31. Rxd4 Qxd4 32. Qxd4 exd4 33.
Kf1 Kg7 34. Ke2 Kf6 35. Kd3 Ke5 36. g3 f6 37. f3 h5 38. g4 hxg4 39. hxg4 g5 40.
Kd2 Kf4 41. Ke2 d3+ 42. Kxd3 Kxf3 43. Kd4 Kxg4 44. Kc5 f5 45. Kb6 f4 46. Kxa6
f3 47. Kxb5 f2 48. Ka5 f1=Q 49. b5 Qf8 50. a4 Qa8+ 51. Kb4 Kf4 52. a5 g4 53. a6
Qa7 54. Ka5 Qc7+ 0-1

[Event "NK-E Algemeen 2010"]
[Site "?"]
[Date "2010.04.03"]
[Round "7.4"]
[White "Bhattacharjee, Sourav"]
[Black "Klein, Jorik"]
[Result "1-0"]
[WhiteElo "1562"]
[BlackElo "1144"]
[PlyCount "119"]
[EventDate "2010.??.??"]

1. e4 e5 2. Nf3 Nc6 3. Bc4 Bc5 4. Nc3 Nf6 5. d3 O-O 6. Bg5 Be7 7. O-O d6 8. h3
Bd7 9. Re1 a6 10. Qd2 h6 11. Bh4 Nd4 12. Nxd4 exd4 13. Ne2 c5 14. c3 dxc3 15.
Nxc3 Re8 16. Bxf6 Bxf6 17. Nd5 Bc6 18. Rac1 Bxd5 19. Bxd5 Bg5 20. f4 Bf6 21.
Qc2 Rb8 22. Qb3 Re7 23. Rf1 Bd4+ 24. Kh1 Qd7 25. Rce1 Kh8 26. Qd1 Bxb2 27. Bb3
Bf6 28. Qh5 Rf8 29. e5 dxe5 30. fxe5 Bg5 31. e6 Qxd3 32. exf7 Rxe1 33. Rxe1 Bf4
34. Qe2 Qxe2 35. Rxe2 Rxf7 36. Bxf7 g5 37. Bd5 b5 38. Re6 c4 39. Rxh6+ Kg7 40.
Rxa6 c3 41. Bb3 b4 42. Rb6 c2 43. Bxc2 Kf7 44. Rxb4 Kf6 45. Rxf4+ gxf4 46. Kg1
f3 47. a4 f2+ 48. Kxf2 Ke6 49. g4 Kd6 50. g5 Ke7 51. a5 Ke8 52. a6 Ke7 53. a7
Kf7 54. g6+ Kg7 55. a8=Q Kh6 56. Qh8+ Kg5 57. h4+ Kg4 58. Qd4+ Kh5 59. Qe5+ Kh6
60. Qh8# 1-0

[Event "NK-E Algemeen 2010"]
[Site "?"]
[Date "2010.04.03"]
[Round "7.5"]
[White "Beukema, Jasper"]
[Black "Baselmans, Luuk"]
[Result "1-0"]
[WhiteElo "1315"]
[BlackElo "1329"]
[PlyCount "95"]
[EventDate "2010.??.??"]

1. e4 e5 2. Nf3 Nc6 3. Bc4 Nf6 4. Ng5 d5 5. exd5 Na5 6. Bb5+ Bd7 7. Bxd7+ Qxd7
8. Nf3 O-O-O 9. O-O Bd6 10. Nc3 e4 11. Ng5 Rhe8 12. Re1 Qf5 13. Nxf7 Rd7 14.
Nxd6+ Rxd6 15. b3 Nxd5 16. Nxd5 Rxd5 17. d3 Red8 18. Re3 Nc6 19. Qe2 g6 20.
Rxe4 Nd4 21. Qd1 Nxc2 22. Qxc2 Qxe4 23. Bg5 Qe5 24. Rc1 R8d7 25. Be3 a6 26. g3
Rxd3 27. Bf4 Qa5 28. b4 Qb6 29. a4 a5 30. b5 h5 31. Be3 Qd6 32. Bf4 Rd1+ 33.
Kg2 Rxc1 34. Qxc1 Qd5+ 35. f3 Qa2+ 36. Kh3 Qxa4 37. Qe3 Qd4 38. Qe8+ Rd8 39.
Qxg6 a4 40. Qc2 Rd7 41. b6 c6 42. Qa2 Qb4 43. Qg8+ Rd8 44. Qe6+ Rd7 45. Qe5 Kd8
46. Bg5+ Kc8 47. Qe8+ Rd8 48. Qxd8# 1-0

[Event "NK-E Algemeen 2010"]
[Site "?"]
[Date "2010.04.03"]
[Round "7.6"]
[White "Knijff, Gerhard van der"]
[Black "Harten, Lucas van"]
[Result "1-0"]
[WhiteElo "1170"]
[BlackElo "1068"]
[PlyCount "59"]
[EventDate "2010.??.??"]

1. e4 c5 2. d4 cxd4 3. c3 dxc3 4. Nxc3 Nc6 5. Bc4 Nf6 6. Nf3 d6 7. h3 h6 8. Bf4
Be6 9. Bxe6 fxe6 10. Qb3 d5 11. e5 Nd7 12. Qxb7 Qc8 13. Qxc8+ Rxc8 14. O-O g6
15. Rac1 Bg7 16. Rfe1 O-O 17. Bg3 Rf5 18. Nb5 Nb6 19. a4 a6 20. Nbd4 Nxd4 21.
Rxc8+ Nxc8 22. Nxd4 Rf7 23. Nxe6 Nb6 24. b3 Nd7 25. Nc7 Rf8 26. Nxd5 Rf5 27.
Nxe7+ Kh7 28. Nxf5 gxf5 29. e6 Nf6 30. Bh4 1-0

[Event "NK-E Algemeen 2010"]
[Site "?"]
[Date "2010.04.03"]
[Round "7.7"]
[White "Schalij, Ties"]
[Black "Kuiper, Adrian"]
[Result "1-0"]
[WhiteElo "1240"]
[BlackElo "1203"]
[PlyCount "75"]
[EventDate "2010.??.??"]

1. e4 c5 2. c3 d6 3. d4 cxd4 4. cxd4 Nc6 5. Nf3 Bg4 6. d5 Ne5 7. Qa4+ Bd7 8.
Qb3 Nxf3+ 9. Qxf3 e5 10. Bd3 Nf6 11. O-O Be7 12. h3 a6 13. Be3 Rc8 14. Nd2 O-O
15. Nc4 b5 16. Nb6 Rb8 17. Nxd7 Nxd7 18. Rac1 Rc8 19. Qg3 Bf6 20. Be2 Qe7 21.
Bg4 Rcd8 22. Rc7 Qe8 23. Rfc1 g6 24. Bh6 Bg7 25. Bxg7 Kxg7 26. Ra7 Nc5 27. Qf3
Ra8 28. Rc7 Rd8 29. b4 Nd7 30. Rb7 Nf6 31. Be6 Nd7 32. Rcc7 fxe6 33. Qg4 Kg8
34. dxe6 Nf6 35. Rg7+ Kh8 36. Qh4 h5 37. Qg5 Ng4 38. Rh7+ 1-0

[Event "NK-E Algemeen 2010"]
[Site "?"]
[Date "2010.04.03"]
[Round "7.8"]
[White "Nies, Levi"]
[Black "Bosma, Jan"]
[Result "0-1"]
[WhiteElo "1010"]
[BlackElo "1051"]
[PlyCount "100"]
[EventDate "2010.??.??"]

1. d4 d5 2. c4 dxc4 3. e4 e6 4. Bxc4 Nd7 5. Nf3 g6 6. O-O Bg7 7. Nc3 Ne7 8. Bf4
b6 9. Qd2 h6 10. h3 Bb7 11. Rad1 c6 12. Rfe1 Rc8 13. Re2 a6 14. d5 cxd5 15. Bb3
Bxc3 16. bxc3 dxe4 17. Ne5 Nxe5 18. Qxd8+ Rxd8 19. Rxd8+ Kxd8 20. Bxe5 Rg8 21.
Bc2 f5 22. c4 g5 23. Rd2+ Kc8 24. Ba4 Rd8 25. Rxd8+ Kxd8 26. Bf6 f4 27. Bd1 Ke8
28. Bg4 Kf7 29. Bd4 b5 30. c5 Nc6 31. Bb2 Nb4 32. a3 Nd3 33. Bd4 e5 34. Bc3
Nxc5 35. g3 Nd3 36. Be2 Nc1 37. Bd1 Ke6 38. Bc2 Ne2+ 39. Kg2 Nxc3 40. gxf4 exf4
41. f3 exf3+ 42. Kf2 h5 43. Kg1 g4 44. hxg4 hxg4 45. Kf2 g3+ 46. Kg1 f2+ 47.
Kf1 f3 48. Bd3 Ne4 49. Bxe4 Bxe4 50. a4 Bd3# 0-1

[Event "NK-E Algemeen 2010"]
[Site "?"]
[Date "2010.04.03"]
[Round "7.9"]
[White "Roon, Sjoerd van"]
[Black "Scheerhoorn, Joep"]
[Result "1-0"]
[WhiteElo "1180"]
[BlackElo "850"]
[PlyCount "81"]
[EventDate "2010.??.??"]

1. e4 e5 2. Nf3 Nc6 3. Bc4 Bc5 4. c3 Nf6 5. d4 exd4 6. cxd4 Bb4+ 7. Bd2 Bxd2+
8. Nbxd2 d6 9. O-O Bg4 10. h3 Bh5 11. Bb5 Qd7 12. d5 Nd4 13. Bxd7+ Nxd7 14. Rc1
O-O 15. g4 Nxf3+ 16. Nxf3 Bg6 17. Rxc7 Nc5 18. b4 Nxe4 19. Rxb7 Nc3 20. Qb3
Rfc8 21. Rd7 Be4 22. Nd2 Bxd5 23. Qb2 h6 24. Rxd6 a6 25. Nb1 Nxb1 26. Rxd5 Nc3
27. Rd3 Nb5 28. Rc1 Rcb8 29. a4 Na7 30. Rc7 a5 31. Rdd7 Rxb4 32. Qa2 Rf8 33.
Rxa7 Rbb8 34. Rxa5 Kh8 35. Rb5 Rbe8 36. Rxf7 Re1+ 37. Kg2 Rxf7 38. Qxf7 Ra1 39.
Rb8+ Kh7 40. Qf5+ g6 41. Qf7# 1-0

[Event "NK-E Algemeen 2010"]
[Site "?"]
[Date "2010.04.03"]
[Round "7.10"]
[White "Seyed Mehdi, Dominick"]
[Black "Dael, Rens van"]
[Result "1-0"]
[WhiteElo "1032"]
[BlackElo "588"]
[PlyCount "47"]
[EventDate "2010.??.??"]

1. e4 e5 2. Nf3 Nc6 3. Bc4 Bc5 4. Nc3 Nf6 5. d3 O-O 6. Nd5 Ng4 7. O-O Na5 8.
Bb3 Nxb3 9. axb3 c6 10. Nc3 Qf6 11. Qe2 g5 12. Bxg5 Qg6 13. Be3 Bxe3 14. fxe3
Qh5 15. h3 Nf6 16. d4 exd4 17. exd4 d5 18. e5 Ne4 19. Nxe4 dxe4 20. Qxe4 Bf5
21. Qh4 Qg6 22. Ng5 Qd6 23. Rxf5 c5 24. Qxh7# 1-0

[Event "NK-E Algemeen 2010"]
[Site "?"]
[Date "2010.04.03"]
[Round "7.11"]
[White "Nguyen, Sang"]
[Black "Martens, Vincent"]
[Result "1-0"]
[WhiteElo "1255"]
[BlackElo "1005"]
[PlyCount "49"]
[EventDate "2010.??.??"]

1. e4 d5 2. exd5 Qxd5 3. d4 Nf6 4. Nc3 Qa5 5. Nf3 c6 6. Bf4 Bf5 7. Bd3 Bg6 8.
O-O Nbd7 9. Rb1 Qb6 10. Qe2 O-O-O 11. b4 Re8 12. a4 Qd8 13. Ba6 Qb6 14. b5 bxa6
15. bxc6 Qxc6 16. Qe3 Bxc2 17. Rbc1 Bb3 18. Nb1 Bc4 19. Na3 Qa8 20. Rxc4+ Kd8
21. Bc7+ Kc8 22. Ba5+ Kb8 23. Rb1+ Nb6 24. Qe5+ Kb7 25. Qc7# 1-0

[Event "NK-E Algemeen 2010"]
[Site "?"]
[Date "2010.04.03"]
[Round "7.12"]
[White "Hermes, Tom"]
[Black "Steunenberg, Renso"]
[Result "1-0"]
[WhiteElo "987"]
[BlackElo "822"]
[PlyCount "81"]
[EventDate "2010.??.??"]

1. e4 e5 2. Nf3 Nc6 3. Bc4 Bc5 4. Nc3 Nf6 5. O-O d6 6. h3 Be6 7. Bb5 Qe7 8. d3
h6 9. Be3 Bxe3 10. fxe3 O-O 11. d4 exd4 12. exd4 d5 13. e5 Ne4 14. Re1 Nxc3 15.
bxc3 a6 16. Bxc6 bxc6 17. Rb1 c5 18. Rb7 Rfb8 19. Rxb8+ Rxb8 20. Qd3 c4 21. Qd2
Rb2 22. Ra1 Bf5 23. Qf4 Rxc2 24. Qxf5 Rxc3 25. Qc8+ Kh7 26. Qxa6 Ra3 27. Qb5 c3
28. Rc1 Rxa2 29. Rxc3 Ra1+ 30. Kh2 Ra2 31. Qxd5 Qb4 32. Qxa2 Qxc3 33. Qxf7 Qc2
34. Nh4 c6 35. Nf5 Qxf5 36. Qxf5+ Kg8 37. Qc8+ Kf7 38. e6+ Ke7 39. Qxc6 g5 40.
Qd7+ Kf6 41. Qf7# 1-0

[Event "NK-E Algemeen 2010"]
[Site "?"]
[Date "2010.04.03"]
[Round "7.15"]
[White "Nimwegen, Martijn van"]
[Black "Wolvers, Stephan"]
[Result "1/2-1/2"]
[WhiteElo "829"]
[BlackElo "1024"]
[PlyCount "165"]
[EventDate "2010.??.??"]

1. e4 e5 2. Nf3 Nc6 3. Bc4 Bc5 4. O-O Nf6 5. Nc3 O-O 6. d3 h6 7. Nd5 d6 8. h3
Be6 9. a3 a6 10. c3 b5 11. Nxf6+ Qxf6 12. Bxe6 fxe6 13. Be3 Bxe3 14. fxe3 d5
15. exd5 exd5 16. Qb3 Qd6 17. c4 dxc4 18. dxc4 bxc4 19. Qxc4+ Kh8 20. Rad1 Qf6
21. Nd4 Qg6 22. Rxf8+ Rxf8 23. Nxc6 Kh7 24. Ne7 Qg3 25. Qe4+ g6 26. Nd5 c6 27.
Nc3 h5 28. Ne2 Qf2+ 29. Kh1 Qxe2 30. Rg1 Qxb2 31. Qxc6 Qxa3 32. Qc7+ Kh6 33.
Qxe5 a5 34. Ra1 Qb4 35. Rxa5 Qh4 36. Ra1 Rf7 37. Qh8+ Rh7 38. Qf8+ Rg7 39. Ra7
Qe1+ 40. Kh2 Qc3 41. Qxg7+ Qxg7 42. Rxg7 Kxg7 43. Kg3 Kf6 44. Kf3 Ke5 45. e4
Kf6 46. h4 g5 47. hxg5+ Kxg5 48. Ke3 Kf6 49. Kf4 h4 50. e5+ Ke6 51. Ke4 Ke7 52.
Kd5 Kd7 53. e6+ Ke7 54. Ke5 Ke8 55. Kf6 Kf8 56. Ke5 Ke7 57. Kf5 Ke8 58. Ke4 Ke7
59. Kd5 Ke8 60. Kd6 Kd8 61. Ke5 Ke7 62. Kf5 Ke8 63. Kf6 Kf8 64. Kg5 Ke7 65.
Kxh4 Kxe6 66. Kh5 Kf7 67. g4 Kg7 68. g5 Kh7 69. g6+ Kg7 70. Kg5 Kg8 71. Kf5 Kg7
72. Kg5 Kg8 73. Kh6 Kh8 74. Kg5 Kg7 75. Kf5 Kg8 76. Kf6 Kf8 77. Ke6 Kg7 78. Kf5
Kg8 79. Kf6 Kf8 80. Ke6 Kg7 81. Kf5 Kg8 82. Kf6 Kf8 83. Ke6 1/2-1/2

[Event "NK-E Algemeen 2010"]
[Site "?"]
[Date "2010.04.03"]
[Round "7.18"]
[White "Schuttevaer, Tim"]
[Black "Elgersma, Simon"]
[Result "1-0"]
[WhiteElo "936"]
[BlackElo "726"]
[PlyCount "87"]
[EventDate "2010.??.??"]

1. e4 e5 2. Nf3 Nc6 3. Bb5 Nf6 4. Nc3 Bb4 5. O-O d6 6. b3 Bxc3 7. dxc3 O-O 8.
Bb2 a6 9. Be2 h6 10. c4 Bg4 11. Nd2 Bxe2 12. Qxe2 Nb4 13. Nf3 c5 14. a3 Nc6 15.
Bc1 Qd7 16. h3 b6 17. Ne1 Rfe8 18. Qf3 Nd4 19. Qd3 a5 20. c3 Nc6 21. Qg3 Nxe4
22. Qe3 Nf6 23. Qg3 Nh5 24. Qh4 Nf6 25. Bxh6 gxh6 26. Qxf6 Re6 27. Qf3 Kf8 28.
Nc2 Ke8 29. b4 axb4 30. cxb4 cxb4 31. Nxb4 Rc8 32. Rfd1 Nd4 33. Qd3 f6 34. Nd5
Qc6 35. Qg6+ Kd7 36. Nxf6+ Kc7 37. Nd5+ Kb8 38. Qg7 Qxc4 39. Nxb6 Ne2+ 40. Kh1
Qc7 41. Qg4 Qxb6 42. Rab1 Qxb1 43. Rxb1+ Ka8 44. Qa4# 1-0

[Event "NK-E Algemeen 2010"]
[Site "?"]
[Date "2010.04.03"]
[Round "7.19"]
[White "Reddy, Quinten"]
[Black "Bril, Mateo"]
[Result "1-0"]
[WhiteElo "546"]
[BlackElo "897"]
[PlyCount "95"]
[EventDate "2010.??.??"]

1. e4 e5 2. Nf3 Nc6 3. Bc4 Bc5 4. d3 h6 5. Nc3 Nf6 6. a3 Ng4 7. Be3 Nxe3 8.
fxe3 Bxe3 9. Nd5 Bc5 10. b4 Bb6 11. Nxb6 axb6 12. b5 Na5 13. Nxe5 d6 14. Nxf7
Qe7 15. Nxh8 Nxc4 16. dxc4 Qf6 17. Rf1 Qh4+ 18. g3 Qxh2 19. Qf3 Bf5 20. exf5
O-O-O 21. Nf7 Re8+ 22. Kd1 Re2 23. Qxe2 Qxe2+ 24. Kxe2 Kd7 25. Nh8 Ke7 26. Rae1
Kf6 27. g4 Kg5 28. Rg1 Kf4 29. Ref1+ Ke5 30. Ke3 Kf6 31. Re1 Kg5 32. Nf7+ Kf6
33. Nd8 Ke7 34. Nxb7 Kd7 35. Kd3 Kc8 36. Nxd6+ cxd6 37. Re7 Kd8 38. Rxg7 Ke8
39. f6 Kf8 40. Rf1 h5 41. Re7 d5 42. f7 dxc4+ 43. Kxc4 hxg4 44. Kd5 Kxe7 45.
f8=Q+ Kd7 46. Qd6+ Kc8 47. Rf8+ Kb7 48. Qd7# 1-0

[Event "NK-E Algemeen 2010"]
[Site "?"]
[Date "2010.04.03"]
[Round "7.20"]
[White "Makkus, Stijn"]
[Black "Koster, Tobias"]
[Result "0-1"]
[WhiteElo "851"]
[BlackElo "796"]
[PlyCount "90"]
[EventDate "2010.??.??"]

1. e4 e5 2. Nf3 Nc6 3. Nc3 Nf6 4. Bc4 Bc5 5. Ng5 O-O 6. a3 a6 7. d3 b5 8. Bxf7+
Rxf7 9. Nxf7 Kxf7 10. Qf3 Nd4 11. Qd1 d6 12. O-O Qe7 13. Bg5 h6 14. Be3 Bg4 15.
f3 Bh5 16. Bxd4 Bxd4+ 17. Kh1 Rg8 18. Nd5 Nxd5 19. exd5 Bxb2 20. Ra2 Bd4 21. g4
Bg6 22. f4 exf4 23. Rxf4+ Ke8 24. Rxd4 Qe5 25. Qg1 c5 26. c3 cxd4 27. cxd4
Qxd5+ 28. Qg2 Qxg2+ 29. Rxg2 Bxd3 30. g5 Be4 31. gxh6 Bxg2+ 32. Kxg2 gxh6+ 33.
Kf2 d5 34. Ke2 Rg2+ 35. Kd3 Rxh2 36. Kc3 h5 37. Kb4 h4 38. Ka5 Rf2 39. Kxa6 h3
40. Kxb5 h2 41. a4 h1=Q 42. a5 Rc2 43. Ka6 Qb1 44. Ka7 Rc7+ 45. Ka8 Qb7# 0-1

[Event "NK-E Algemeen 2010"]
[Site "?"]
[Date "2010.04.03"]
[Round "7.21"]
[White "Sealy, Alec"]
[Black "Janssen, Aron"]
[Result "1-0"]
[WhiteElo "621"]
[BlackElo "991"]
[PlyCount "69"]
[EventDate "2010.??.??"]

1. e4 e5 2. Nf3 Nc6 3. d4 exd4 4. Nxd4 Nf6 5. Nxc6 bxc6 6. Nc3 Bb4 7. f3 Qe7 8.
Bg5 h6 9. Bh4 Qe6 10. Bd3 d5 11. Bxf6 Qxf6 12. exd5 cxd5 13. O-O O-O 14. Nxd5
Qd4+ 15. Kh1 Qxd5 16. Bh7+ Kxh7 17. Qxd5 Ba6 18. Rfd1 Rfe8 19. Qxf7 Be2 20. Rd7
Bf8 21. Re1 Rab8 22. b3 Rb5 23. Qxe8 Rf5 24. Rxe2 Rf6 25. Rxc7 Rd6 26. h3 Rf6
27. c4 Rf4 28. c5 Rf6 29. c6 Rf4 30. Rf7 Rxf7 31. Qxf7 Ba3 32. c7 a5 33. c8=Q
Bf8 34. Qcxf8 a4 35. Q8g8# 1-0

[Event "NK-E Algemeen 2010"]
[Site "?"]
[Date "2010.04.03"]
[Round "7.22"]
[White "Hoekstra, Jan"]
[Black "Leeuwen, Louis van"]
[Result "0-1"]
[WhiteElo "655"]
[BlackElo "653"]
[PlyCount "84"]
[EventDate "2010.??.??"]

1. e4 e5 2. Nf3 Nc6 3. Bb5 Nf6 4. Nc3 Bc5 5. Bxc6 dxc6 6. Nxe5 Qe7 7. f4 g5 8.
Nd3 Nxe4 9. Qe2 Nxc3 10. Qxe7+ Bxe7 11. bxc3 gxf4 12. Nxf4 O-O 13. d4 Re8 14.
O-O c5 15. h3 cxd4 16. cxd4 c5 17. Ne2 Bd7 18. Re1 cxd4 19. Nxd4 Bc5 20. Rd1
Rad8 21. Bb2 a5 22. Rd3 b5 23. Kh1 b4 24. Rg3+ Kf8 25. Rd1 Re4 26. Nf3 a4 27.
Re1 Rxe1+ 28. Nxe1 Bf2 29. Bg7+ Ke7 30. Rf3 Bxe1 31. Re3+ Kd6 32. Rxe1 Rg8 33.
Be5+ Kc6 34. Rd1 Bf5 35. c3 bxc3 36. Bxc3 Be4 37. Re1 Bxg2+ 38. Kh2 Bd5 39. Rc1
Rg2+ 40. Kh1 Rc2+ 41. Kg1 Rxc1+ 42. Kf2 Rxc3 0-1

[Event "NK-E Algemeen 2010"]
[Site "?"]
[Date "2010.04.03"]
[Round "8.1"]
[White "Kazarian, Anna Maja"]
[Black "Bhattacharjee, Sourav"]
[Result "1/2-1/2"]
[WhiteElo "1540"]
[BlackElo "1562"]
[PlyCount "79"]
[EventDate "2010.??.??"]

1. e4 e5 2. Nf3 Nc6 3. Bb5 a6 4. Ba4 Nf6 5. O-O Bc5 6. Re1 d6 7. c3 b5 8. Bc2
O-O 9. h3 Be6 10. d4 exd4 11. cxd4 Bb4 12. Bd2 Bxd2 13. Qxd2 Bd7 14. Nc3 Nb4
15. Bb1 Nc6 16. Qc2 g6 17. Qd2 Kg7 18. Bc2 Nb4 19. Bb3 Nc6 20. a3 Na5 21. Ba2
Nc4 22. Bxc4 bxc4 23. Rad1 Rb8 24. e5 Ne8 25. Ne4 d5 26. Nc5 Qc8 27. Kh2 c6 28.
Rb1 Be6 29. b3 cxb3 30. Rxb3 Rxb3 31. Nxb3 Nc7 32. Rc1 Bd7 33. Nc5 Be6 34.
Nxe6+ Nxe6 35. Qc3 Nd8 36. Nd2 Re8 37. Nb3 h5 38. Nc5 Ne6 39. Nd3 Nd8 40. f3
1/2-1/2

[Event "NK-E Algemeen 2010"]
[Site "?"]
[Date "2010.04.03"]
[Round "8.2"]
[White "Dijkhuis, Sven"]
[Black "Slomczewski, Michal"]
[Result "1/2-1/2"]
[WhiteElo "1426"]
[BlackElo "1404"]
[PlyCount "87"]
[EventDate "2010.??.??"]

1. e4 d5 2. exd5 Qxd5 3. Nc3 Qa5 4. Nf3 Nf6 5. Bc4 e6 6. O-O Be7 7. d4 c6 8.
Bf4 O-O 9. Qd3 Qd8 10. Rfe1 Bd6 11. Bxd6 Qxd6 12. Ne4 Nxe4 13. Qxe4 Nd7 14. Qh4
Nf6 15. Bd3 h6 16. Nd2 Qd5 17. Re5 Qd8 18. Ne4 Nxe4 19. Qxe4 g6 20. Qf4 Kg7 21.
Ree1 Qf6 22. Qxf6+ Kxf6 23. g4 Rd8 24. c3 c5 25. Re4 cxd4 26. cxd4 b6 27. Rd1
Bb7 28. Rf4+ Kg7 29. Be4 Bxe4 30. Rxe4 Rd5 31. Re5 Rad8 32. Rxd5 Rxd5 33. f4 g5
34. fxg5 hxg5 35. Kf2 f6 36. Ke3 a5 37. a4 Kf7 38. Rc1 Rd6 39. Rc7+ Kg6 40. Ke4
Kh6 41. b3 Kg6 42. h3 Kh6 43. Rf7 Kg6 44. Rc7 1/2-1/2

[Event "NK-E Algemeen 2010"]
[Site "?"]
[Date "2010.04.03"]
[Round "8.3"]
[White "Knijff, Gerhard van der"]
[Black "Beukema, Jasper"]
[Result "1/2-1/2"]
[WhiteElo "1170"]
[BlackElo "1315"]
[PlyCount "60"]
[EventDate "2010.??.??"]

1. e4 c5 2. d4 cxd4 3. c3 dxc3 4. Nxc3 e5 5. Bc4 Bc5 6. Bxf7+ Kxf7 7. Qd5+ Ke8
8. Qxc5 d6 9. Qa3 Nf6 10. Bg5 Be6 11. Nf3 Nc6 12. O-O Kf7 13. Rad1 Ke7 14. Rfe1
a6 15. b3 h6 16. Be3 b5 17. Nd5+ Bxd5 18. exd5 Nb8 19. Nxe5 Ke8 20. Ng6 Kf7 21.
Nxh8+ Qxh8 22. Qxd6 Qc8 23. Bc5 Kg6 24. Qg3+ Kh7 25. Re7 Nh5 26. Qd3+ Kh8 27.
Qg6 Nd7 28. Rde1 Ndf6 29. Bd4 Qf8 30. Bxf6 Nxf6 1/2-1/2

[Event "NK-E Algemeen 2010"]
[Site "?"]
[Date "2010.04.03"]
[Round "8.4"]
[White "Bekkink, Joey"]
[Black "Kevlishvili, Robby"]
[Result "0-1"]
[WhiteElo "1144"]
[BlackElo "1559"]
[PlyCount "124"]
[EventDate "2010.??.??"]

1. e4 c5 2. d4 cxd4 3. c3 dxc3 4. Nxc3 Nc6 5. Bc4 e6 6. Nf3 Bb4 7. Bd2 Be7 8.
O-O d6 9. Bb5 Bd7 10. Qe2 Nf6 11. Rad1 O-O 12. Bg5 Qc7 13. Bxc6 Bxc6 14. e5
Bxf3 15. Qxf3 dxe5 16. Nb5 Qb6 17. Bxf6 Bxf6 18. Nd6 Qxb2 19. Nxb7 Qxa2 20. Qe4
Qa3 21. Rd3 Qe7 22. Rh3 g6 23. Na5 Bg7 24. Nc6 Qd6 25. Qh4 h5 26. Na5 Qd8 27.
Nc4 Qxh4 28. Rxh4 a5 29. Re4 f5 30. Re2 e4 31. Rd1 a4 32. Ra2 Rfc8 33. Nb6 Rcb8
34. Nxa8 Rxa8 35. Rb1 a3 36. Rb3 Bf8 37. Rb7 Rc8 38. Rb1 Kf7 39. Rd2 Kf6 40.
Kf1 Rc5 41. Ke2 Ra5 42. Ra2 e5 43. Rb6+ Kg5 44. g3 f4 45. Rb3 Kf5 46. Rc3 f3+
47. Kf1 Rb5 48. Rc1 Ke6 49. Ke1 Bb4+ 50. Kd1 Rd5+ 51. Kc2 Rc5+ 52. Kb1 Rxc1+
53. Kxc1 Kd5 54. Kc2 e3 55. fxe3 f2 56. Ra1 Be1 57. Rd1+ Ke4 58. Kb3 f1=Q 59.
Rxe1 Qxe1 60. Kc4 Qc1+ 61. Kb5 a2 62. Kb6 a1=Q 0-1

[Event "NK-E Algemeen 2010"]
[Site "?"]
[Date "2010.04.03"]
[Round "8.5"]
[White "Korenwinder, Tom"]
[Black "Schalij, Ties"]
[Result "1-0"]
[WhiteElo "1025"]
[BlackElo "1240"]
[PlyCount "77"]
[EventDate "2010.??.??"]

1. d4 d5 2. c4 dxc4 3. Nc3 Nc6 4. Nf3 Bf5 5. Bf4 Nf6 6. e3 e6 7. Bxc4 Bb4 8.
O-O O-O 9. a3 Bxc3 10. bxc3 Ne4 11. Qb3 Na5 12. Qb4 Nxc4 13. Qxc4 Bg4 14. Qxc7
Qxc7 15. Bxc7 Nxc3 16. Ne5 Bf5 17. Kh1 Rac8 18. Ba5 Ne4 19. f3 Nf6 20. e4 Bg6
21. Nxg6 fxg6 22. Rab1 b6 23. Bb4 Rfd8 24. Rfd1 Rc4 25. d5 exd5 26. e5 Nh5 27.
e6 Nf6 28. g4 g5 29. e7 Re8 30. Rbc1 Rf4 31. Kg2 a5 32. Bd6 Ra4 33. Rc3 Ra8 34.
Rdc1 Kf7 35. Rc8 Rxc8 36. Rxc8 Ne8 37. Bc7 Kxe7 38. Bxb6 Rxa3 39. Bc5+ 1-0

[Event "NK-E Algemeen 2010"]
[Site "?"]
[Date "2010.04.03"]
[Round "8.6"]
[White "Bosma, Jan"]
[Black "Rekveld, Bram"]
[Result "1-0"]
[WhiteElo "1051"]
[BlackElo "1091"]
[PlyCount "57"]
[EventDate "2010.??.??"]

1. e4 e5 2. Nf3 Nc6 3. Bb5 Nf6 4. O-O Bc5 5. Re1 a6 6. Ba4 d6 7. c3 Bd7 8. d4
exd4 9. cxd4 Bb4 10. Bd2 Bxd2 11. Qxd2 O-O 12. Nc3 Bg4 13. Qd3 Nb4 14. Qd1 Re8
15. Bxe8 Nxe8 16. a3 Bxf3 17. gxf3 Qg5+ 18. Kf1 Rd8 19. axb4 c5 20. bxc5 dxc5
21. d5 Nf6 22. e5 Nh5 23. Ne4 Qg6 24. Ng3 Nf4 25. Qb1 Qg5 26. e6 fxe6 27. dxe6
Re8 28. Qf5 Qh4 29. Qf7+ 1-0

[Event "NK-E Algemeen 2010"]
[Site "?"]
[Date "2010.04.03"]
[Round "8.7"]
[White "Kuiper, Adrian"]
[Black "Hermes, Tom"]
[Result "1-0"]
[WhiteElo "1203"]
[BlackElo "987"]
[PlyCount "75"]
[EventDate "2010.??.??"]

1. e4 e5 2. Nf3 Nc6 3. Bb5 d6 4. O-O a6 5. Bxc6+ bxc6 6. Nc3 Nf6 7. d4 exd4 8.
Nxd4 d5 9. Nxc6 Qd6 10. exd5 Ng4 11. Re1+ Kd7 12. g3 Bb7 13. Ne4 Qg6 14. Bf4 f5
15. Ng5 h6 16. Qxg4 fxg4 17. Ne5+ Kd8 18. Nxg6 Rg8 19. Ne6+ Kd7 20. Ngxf8+ Kc8
21. Ng6 Re8 22. Nxc7 Kd7 23. Nxe8 Rxe8 24. Rxe8 Kxe8 25. d6 Bc6 26. Rd1 Kd7 27.
Ne5+ Ke6 28. Nxc6 Kd7 29. h3 gxh3 30. Kh2 g5 31. Be5 g4 32. Bg7 h5 33. Nb8+ Kd8
34. d7 a5 35. Bf6+ Kc7 36. d8=Q+ Kb7 37. Rd7+ Ka8 38. Nc6# 1-0